| 000 | 00712nam a22002177a 4500 | ||
|---|---|---|---|
| 999 |
_c179914 _d179914 |
||
| 005 | 20210716111921.0 | ||
| 010 | _aENG-129569 | ||
| 020 |
_a978-93-90113-37-8 _c625.00 |
||
| 035 | _aEN-113101 | ||
| 037 | _bDBAD/PUB | ||
| 082 | _a658.049 | ||
| 100 | _aJ. Michael Geringer | ||
| 245 |
_aInternational Business / _cby J. michael Geringer et...all |
||
| 260 |
_aAlapakkam _bMc Graw Hill _c2020 |
||
| 270 |
_a444/1,Sri Ekambara Naicker Industrial Estate,Alapakkam,Porur _bChennai _e600116 _minfo.india@mheducation.com _k18001035875 |
||
| 300 |
_a415p; _c26cm(PB) |
||
| 700 | _aMcnett, Jeanne M. | ||
| 700 | _aMinor, Michael S. | ||
| 700 | _aBall, Donald A. | ||
| 942 |
_2ddc _cEN _h658.049 _mGER |
||